<?xml version="1.0" encoding="UTF-8"?>
<record
    xmlns:xsi="http://www.w3.org/2001/XMLSchema-instance"
    xsi:schemaLocation="http://www.loc.gov/MARC21/slim http://www.loc.gov/standards/marcxml/schema/MARC21slim.xsd"
    xmlns="http://www.loc.gov/MARC21/slim">

  <leader>01169nam a2200253 i 4500</leader>
  <controlfield tag="001">42415</controlfield>
  <controlfield tag="003">ES-MaACL</controlfield>
  <controlfield tag="005">20230906160615.0</controlfield>
  <controlfield tag="007">t|</controlfield>
  <controlfield tag="008">030320s1923    sp ao        |||| | spa d</controlfield>
  <datafield tag="110" ind1="2" ind2=" ">
    <subfield code="a">Compa&#xF1;&#xED;a Trasatl&#xE1;ntica Espa&#xF1;ola.</subfield>
    <subfield code="9">3125</subfield>
  </datafield>
  <datafield tag="245" ind1="1" ind2="0">
    <subfield code="a">Libro de informaci&#xF3;n, 1923 : </subfield>
    <subfield code="b">tarifas e itinerarios . Bosquejo hist&#xF3;rico de la Marina espa&#xF1;ola [por Francisco Condeminas Mascar&#xF3;] . Relaci&#xF3;n de industrias espa&#xF1;olas.</subfield>
  </datafield>
  <datafield tag="246" ind1="3" ind2=" ">
    <subfield code="a">Bosquejo hist&#xF3;rico de la Marina Espa&#xF1;ola</subfield>
  </datafield>
  <datafield tag="246" ind1="3" ind2=" ">
    <subfield code="a">Relaci&#xF3;n de industrias espa&#xF1;olas</subfield>
  </datafield>
  <datafield tag="260" ind1=" " ind2=" ">
    <subfield code="a">Barcelona : </subfield>
    <subfield code="b">[Apolo], </subfield>
    <subfield code="c">1923.</subfield>
  </datafield>
  <datafield tag="300" ind1=" " ind2=" ">
    <subfield code="a">226, CL p. : </subfield>
    <subfield code="b">il., fot. ; </subfield>
    <subfield code="c">18 x 25 cm.</subfield>
  </datafield>
  <datafield tag="594" ind1=" " ind2=" ">
    <subfield code="a">Precede al t&#xED;t.: Compa&#xF1;&#xED;a Trasatl&#xE1;ntica (antes A. L&#xF3;pez y C.&#xAA;)</subfield>
  </datafield>
  <datafield tag="597" ind1=" " ind2=" ">
    <subfield code="a">La obra de F. Condeminas con port. y paginaci&#xF3;n propia.</subfield>
  </datafield>
  <datafield tag="597" ind1=" " ind2=" ">
    <subfield code="a">La "Relaci&#xF3;n de industrias espa&#xF1;olas" contiene numerosos anuncios il. a color, acompa&#xF1;ados de un &#xCD;ndice general de industria y comercio.</subfield>
  </datafield>
  <datafield tag="650" ind1=" " ind2="4">
    <subfield code="a">Transportes mar&#xED;timos-</subfield>
    <subfield code="z">Espa&#xF1;a.</subfield>
    <subfield code="9">141606</subfield>
  </datafield>
  <datafield tag="651" ind1=" " ind2="4">
    <subfield code="a">Espa&#xF1;a-</subfield>
    <subfield code="x">Historia naval.</subfield>
    <subfield code="9">8375</subfield>
  </datafield>
  <datafield tag="700" ind1="1" ind2=" ">
    <subfield code="a">Condeminas, Francisco.</subfield>
    <subfield code="9">40137</subfield>
  </datafield>
  <datafield tag="852" ind1=" " ind2=" ">
    <subfield code="a">ES-MaACL</subfield>
    <subfield code="j">F-6936  </subfield>
    <subfield code="z">- Enc. cart.</subfield>
  </datafield>
  <datafield tag="999" ind1=" " ind2=" ">
    <subfield code="c">42415</subfield>
    <subfield code="d">42415</subfield>
  </datafield>
  <datafield tag="952" ind1=" " ind2=" ">
    <subfield code="0">0</subfield>
    <subfield code="1">0</subfield>
    <subfield code="4">0</subfield>
    <subfield code="7">0</subfield>
    <subfield code="a">ATENEOM</subfield>
    <subfield code="b">ATENEOM</subfield>
    <subfield code="c">DEPO2</subfield>
    <subfield code="d">2008-01-17</subfield>
    <subfield code="e">SC</subfield>
    <subfield code="l">0</subfield>
    <subfield code="o">F-6936</subfield>
    <subfield code="p">1044633</subfield>
    <subfield code="r">2023-02-23 00:00:00</subfield>
    <subfield code="w">2023-02-23</subfield>
    <subfield code="y">MONOGRAFIA</subfield>
  </datafield>
</record>
